| 000 | 00649nam a2200205 4500 | ||
|---|---|---|---|
| 001 | 113054 | ||
| 003 | ES-MaACL | ||
| 005 | 20260307063015.0 | ||
| 007 | t| | ||
| 008 | 061121s1962 it r ||||1| ita d | ||
| 100 |
_aMusset, Alfred de, _d1810-1857 _9223345 |
||
| 245 | 1 | 3 |
_aIl nostro amore / _cAlfred de Musset, George Sand ; traduzioni di Felice Filippini e Irma Lorzi. |
| 260 |
_aMilano : _bRizzoli, _c1962. |
||
| 300 |
_a275 p. ; _c23 cm. |
||
| 700 | 1 |
_aSand, George, _d1804-1876 _9103060 |
|
| 700 | 1 |
_aFilippini, Felice. _950844 |
|
| 700 | 1 |
_aLorzi, Irma. _974241 |
|
| 852 |
_aES-MaACL _jC-24050 _bR.52750 |
||
| 999 |
_c113054 _d113054 |
||